Welcome to CU Library Online Public Access Catalogue (OPAC)

Christianity in Africa: (Record no. 3841)

MARC details
000 -LEADER
fixed length control field 00441cam a2200133 4500
001 - CONTROL NUMBER
control field FRBNF376693740000005
003 - CONTROL NUMBER IDENTIFIER
control field http://catalogue.bnf.fr/ark:/12148/cb376693745
005 - DATE AND TIME OF LATEST TRANSACTION
control field 20250213165820.0
008 - FIXED-LENGTH DATA ELEMENTS--GENERAL INFORMATION
fixed length control field 250213b |||||||| |||| 00| 0 eng d
100 ## - MAIN ENTRY--PERSONAL NAME
Personal name 19960323d1995 m y0frey50 ba
245 ## - TITLE STATEMENT
Title Christianity in Africa:
Remainder of title The renewal of non-western religion
700 ## - ADDED ENTRY--PERSONAL NAME
Materials specified 13065033
Personal name Bediako
Numeration Kwame
Date of a work 1945-2008
Relationship 070
942 ## - ADDED ENTRY ELEMENTS (KOHA)
Source of classification or shelving scheme Library of Congress Classification
Koha item type Books
Suppress in OPAC No
999 ## -
-- 3841
-- 3841
Holdings
Withdrawn status Lost status Source of classification or shelving scheme Damaged status Not for loan Collection Home library Current library Shelving location Date acquired Total checkouts Full call number Barcode Date last seen Copy number Price effective from Koha item type
    Library of Congress Classification     Non-fiction Graduate Library (Christ Temple) Graduate Library (Christ Temple) General stacks 02/13/2025   BR 1360 BED GSCT00000496 02/13/2025 1 02/13/2025 Books
    Library of Congress Classification     Non-fiction Graduate Library (Christ Temple) Graduate Library (Christ Temple) General stacks 02/13/2025   BR 1360 BED GSCT00000497 02/13/2025 2 02/13/2025 Books
© 2023-2024 Copyright: Central University Libraries. All Rights Reserved | Created by: Mahone Tech Office